000 00225nam a22000857a 4500
008 161219b xxu||||| |||| 00| 0 eng d
100 _92125
_aShankar
245 _aThe Singing Donkey
260 _aNew Delhi
_bChildrens Book Trust
_c2011
999 _c5007
_d5007